Icaro (Record no. 98901)

MARC details
000 -LEADER
fixed length control field 02498njm a2200421Ia 4500
001 - CONTROL NUMBER
control field 27385
003 - CONTROL NUMBER IDENTIFIER
control field IT-RoPAU
005 - DATE AND TIME OF LATEST TRANSACTION
control field 20220918181110.0
008 - FIXED-LENGTH DATA ELEMENTS--GENERAL INFORMATION
fixed length control field 131025s9999 xx 000 0 und d
040 ## - CATALOGING SOURCE
Original cataloging agency IT-RoPAU
040 ## - CATALOGING SOURCE
Transcribing agency IT-RoPAU
041 ## - LANGUAGE CODE
Language code of text/sound track or separate title ITALIANO
999 ## - SYSTEM CONTROL NUMBERS (KOHA)
Koha Dewey Subclass [OBSOLETE] n.d.
100 ## - MAIN ENTRY--PERSONAL NAME
Personal name Zero Renato
9 (RLIN) 5540
100 ## - MAIN ENTRY--PERSONAL NAME
Relator term Autore musica
9 (RLIN) 17858
100 ## - MAIN ENTRY--PERSONAL NAME
Miscellaneous information Codice autore musica SPICS: 11202
9 (RLIN) 5542
245 ## - TITLE STATEMENT
Title Icaro
250 ## - EDITION STATEMENT
Edition statement 1a ed.
260 ## - PUBLICATION, DISTRIBUTION, ETC. (IMPRINT)
Place of publication, distribution, etc. ITALIA
260 ## - PUBLICATION, DISTRIBUTION, ETC. (IMPRINT)
Name of publisher, distributor, etc. RCA - ZEROMANIA MUSIC
Date of publication, distribution, etc. 1981 [1a Ed.:1981 - Ed. Lingua Orig.: 1981]
300 ## - PHYSICAL DESCRIPTION
Extent DISCO
300 ## - PHYSICAL DESCRIPTION
Dimensions 89 minuti (Testo: pag.)
500 ## - GENERAL NOTE
General note Canzone italiana. Cantautore. Registrato in diretta da Zerolandia a Roma e a Torino dal 22 dicembre 1980 al 18 gennaio 1981
505 ## - FORMATTED CONTENTS NOTE
Formatted contents note Niente trucco stasera (7:00) - Vivo (4:00) - Sesso o esse (5:00) - Qualcuno mi renda l'anima (4:00) - Chi più chi meno (6:00) - Morire qui (3:00) - Profumi balocchi e maritozzi (5:00) - Un uomo da bruciare (5:00) - Inventi (3:00) - Triangolo (9:00) - Manichini (4:00) - Potrebbe essere Dio (6:00) - Non sparare (5:00) - Madame (5:00) - Il cielo (4:00) - Amico (6:00) - Fortuna (6:00) - Il carrozzone (6:00) - Più su (7:00)
650 ## - SUBJECT ADDED ENTRY--TOPICAL TERM
Topical term or geographic name as entry element CANZONE ITALIAN [DISCHI]
Relator term Codice MATERIA SPICS: 9950
9 (RLIN) 17859
700 ## - ADDED ENTRY--PERSONAL NAME
Personal name Zero Renato
Relator term Autore testo/musica
Miscellaneous information Codice autore testo/musica SPICS: 11202
9 (RLIN) 17860
700 ## - ADDED ENTRY--PERSONAL NAME
Personal name Zero Renato
Miscellaneous information Codice interprete SPICS: 11202
Relator term Interprete
9 (RLIN) 17861
700 ## - ADDED ENTRY--PERSONAL NAME
Personal name Evangelisti
Miscellaneous information Codice autore musica SPICS: 24576
Relator term Autore musica
Name of part/section of a work Niente trucco stasera - Vivo - Chi più chi meno - Amico - Il carrozzone
9 (RLIN) 17862
700 ## - ADDED ENTRY--PERSONAL NAME
Personal name Conrado R.
Miscellaneous information Codice autore SPICS: 27437
Relator term Autore
Name of part/section of a work Niente trucco stasera - Qualcuno mi renda l'anima - Potrebbe essere Dio
9 (RLIN) 17863
700 ## - ADDED ENTRY--PERSONAL NAME
Personal name Wright
Miscellaneous information Codice autore SPICS: 21796
Relator term Autore
Name of part/section of a work Vivo
9 (RLIN) 17864
700 ## - ADDED ENTRY--PERSONAL NAME
Personal name Zarrillo Michele
Miscellaneous information Codice autore SPICS: 18821
Relator term Autore
Name of part/section of a work Sesso o esse
9 (RLIN) 17865
700 ## - ADDED ENTRY--PERSONAL NAME
Personal name Pintucci
Miscellaneous information Codice autore SPICS: 24663
Relator term Autore
Name of part/section of a work Profumi balocchi e maritozzi - Un uomo da bruciare - Manichini - Non sparare - Madame - Fortuna - Il carrozzone
9 (RLIN) 17866
700 ## - ADDED ENTRY--PERSONAL NAME
Personal name Mogol (Rapetti Giulio)
Miscellaneous information Codice autore musica SPICS: 13643
Relator term Autore musica
Name of part/section of a work Un uomo da bruciare
9 (RLIN) 17867
700 ## - ADDED ENTRY--PERSONAL NAME
Personal name Filistrucchi
Miscellaneous information Codice autore SPICS: 27651
Relator term Autore
Name of part/section of a work Inventi
9 (RLIN) 17868
700 ## - ADDED ENTRY--PERSONAL NAME
Personal name Caviri
Miscellaneous information Codice autore SPICS: 28274
Relator term Autore
Name of part/section of a work Triangolo
9 (RLIN) 17869
700 ## - ADDED ENTRY--PERSONAL NAME
Personal name Baldan Bembo Dario
Miscellaneous information Codice autore musica SPICS: 9846
Relator term Autore musica
Name of part/section of a work Amico - Più su
9 (RLIN) 17870
942 ## - ADDED ENTRY ELEMENTS (KOHA)
Koha item type DISCHI
Source of classification or shelving scheme Dewey Decimal Classification
Holdings
Withdrawn status Lost status Damaged status Not for loan Home library Current library Date acquired Total Checkouts Full call number Date last seen Price effective from Koha item type Public note
    Buone Condizioni Not For Loan SPICS-MEDIATECA SPICS-MEDIATECA 25/10/2013   27385 25/10/2013 25/10/2013 DISCHI Progr. Ins.: 6942 / N.Vol.: 2 / Copie: 1 - Copia rara: n.d. / date import: 01.01.2014 - By Epidotti, Trombetti, Vaglietti
CREDITS: SOCIETA' SAN PAOLO Via A.Severo, 58 - ROMA (RM) & PERIODICI SAN PAOLO SRL Via Giotto, 36 MILANO & CISF Via Giotto, 36 MILANO & EDIZIONI SAN PAOLO SRL,  Piazza Soncino, 5 CINISELLO BALSAMO (MI) -- ITALY